000 01035nam a2200253Ia 4500
003 PE SENCICO BE
005 20251020182536.0
008 200515s9999 xx 000 0 und d
040 _aPE SENCICO BE
_cPE SENCICO BE
041 _aspa
082 _a720.28
_bC74
100 1 _aConsalez, Lorenzo
_91417
_eautor
245 1 0 _aMaquetas :
_bla representación del espacio en el proyecto arquitectónico /
_cLorenzo Consalez, Luigi Bertazzoni
250 _a1a ed.
260 _aBarcelona :
_bGustavo Gili,
_c2000
300 _a111 páginas :
_bil. col., diagrs.,
_c24 cm.
520 _aTiene como objetivo hacer accesible las técnicas y los materiales necesarios para la construcción de maquetas de arquitectura como reproducciones a escala reducida de la realidad tridimensional de un edificio
650 1 0 _aMaquetas (Arquitectura)
_9457
650 2 0 _aDibujo arquitectónico
_9428
650 2 0 _aDibujo técnico
_9336
650 2 0 _aEscalas (Cartografía)
_91420
700 1 _91419
_aBertazzoni, Luigi
_eautor
942 _cLIB
_2ddc
999 _c2241
_d2241